Obálka Náhled e-knihy:
PDF Epub
Pro půjčování e-knih musíte být přihlášeni.
Jak si půjčit online?

Star Wars. Thrawn. Velezrada /

Pokračování volně navazující série z univerza Star Wars zaměřené na velkoadmirála Thrawna.

Uloženo v:
Série:Thrawn, část 3
Hlavní autor: Zahn, Timothy, 1951- (Autor)
Další autoři: Šebesta, Lubomír (Autor)
Médium: E-kniha
Jazyk:Czech
Vydáno: V Praze : Egmont, 2020
Vydání:První vydání
Témata:
Příbuzné jednotky:Z cyklu:: Thrawn
Tagy:
Žádné tagy
LEADER 02843nam a2200541 i 4500
001 311325
003 CZ PrSKC
005 20260601215703.0
007 ta
008 200824s2020 xr d 000 f cze
015 |a cnb003242349 
020 |a 9788025248546  |q (brožováno) :  |c Kč 349,00 
035 |a (OCoLC)1204253739 
040 |a ABG001  |b cze  |d ABA001  |e rda 
041 1 |a cze  |h eng 
072 7 |a 821.111(73)-3  |x Americká próza  |2 Konspekt 
072 7 |a 821-93  |x Literatura pro děti a mládež (beletrie)  |2 Konspekt 
080 |a 821.111(73)-31  |2 MRF 
080 |a 821-93  |2 MRF 
080 |a (0:82-311.9)  |2 MRF 
100 1 |a Zahn, Timothy,  |d 1951-  |7 jn20010310198  |4 aut 
240 1 0 |a Treason.  |l Česky 
245 1 0 |a Star Wars.  |p Thrawn.  |p Velezrada /  |c Timothy Zahn ; z anglického originálu Star Wars - Thrawn: Treason ... přeložil Lubomír Šebesta 
246 3 0 |a Thrawn 
246 3 0 |a Velezrada 
250 |a První vydání 
264 1 |a V Praze :  |b Egmont,  |c 2020 
300 |a 300 stran ;  |c 21 cm 
336 |a text  |b txt  |2 rdacontent 
337 |a bez média  |b n  |2 rdamedia 
338 |a svazek  |b nc  |2 rdacarrier 
520 2 |a Pokračování volně navazující série z univerza Star Wars zaměřené na velkoadmirála Thrawna.  |b Thrawn se postupně stává jedním z nejúčinnějších nástrojů Impéria proti povstalcům. Ale ačkoli císař v něm získal ostrou zbraň, uvažuje o něčem daleko ničivějším. Thrawnův obranný program TIE je nyní zastaven ve prospěch Hvězdy smrti ředitele Krennica. Zatímco Thrawn pracuje na zabezpečení svého místa v imperiální hierarchii, jeho bývalý chráněnec Eli Vanto se vrací z Thrawnova domovského světa s vážným varováním. A Thrawna nyní čeká těžká volba mezi povinností k Chisské ascendenci a věrností Impériu. Nakladatelská anotace. 
521 8 |a Pro čtenáře od 12 let 
546 |a Český text 
655 7 |a americké romány  |7 fd131796  |2 czenas 
655 7 |a vědecko-fantastické romány  |7 fd133847  |2 czenas 
655 7 |a publikace pro mládež  |7 fd133157  |2 czenas 
655 9 |a American fiction  |2 eczenas 
655 9 |a science fiction novels  |2 eczenas 
655 9 |a juvenile literature  |2 eczenas 
700 1 |a Šebesta, Lubomír  |7 xx0084760  |4 trl 
787 0 8 |i Z cyklu:  |t Thrawn  |g 3 
900 |a ABA001  |b 20 
928 9 |a Albatros Media - Egmont 
044 |a xr 
910 |a RBIT002 
998 |d 317746  |a https://core.palmknihy.cz/api/books/317746/cover?si9u2n  |b https://core.palmknihy.cz/api/books/317746/cover/400?si9u2n  |c https://core.palmknihy.cz/api/books/317746/cover/50?si9u2n  |e 2026-12-31  |g 304  |i 9788025248546  |j https://core.palmknihy.cz/api/books/317746/preview.epub  |k https://core.palmknihy.cz/api/books/317746/preview.pdf  |l   |q 49  |r 1  |s https://www.palmknihy.cz/kniha/317746  |t ebook  |y 2021  |z 0  |v Star Wars - Thrawn  |w 3 
999 |d 311323